Forza Horizon 5 Manufacturers - Statistics

General Stats
  • This quiz has been taken 1,100 times
    595 since last reset
  • The average score is 46 of 134
Answer Stats
Country Manufacturer % Correct
Italy Ferrari
92%
Italy Lamborghini
90%
USA Ford
87%
Germany BMW
86%
Germany Mercedes-Benz
85%
Japan Toyota
84%
Germany Audi
81%
USA Chevrolet
81%
Japan Honda
78%
Japan Nissan
77%
France Bugatti
74%
USA Dodge
73%
South Korea Hyundai
73%
Germany Porsche
72%
Germany Volkswagen
72%
UK Aston Martin
71%
Italy Fiat
71%
France Peugeot
66%
France Renault
65%
Sweden Volvo
65%
Italy Alfa Romeo
63%
Japan Mitsubishi
60%
Japan / USA Acura
59%
UK Bentley
59%
South Korea Kia
58%
Japan Subaru
58%
Italy Abarth
57%
France Citroën
57%
USA Jeep
57%
Sweden Koenigsegg
56%
UK McLaren
56%
USA Cadillac
55%
Japan Mazda
55%
UK Jaguar
54%
Japan Lexus
54%
Italy Maserati
53%
UK Land Rover
52%
Australia Holden
50%
USA GMC
49%
Germany Mercedes-AMG
48%
France Alpine
47%
UK Lotus
47%
Germany Opel
47%
UK Mini
46%
Italy Pagani
45%
USA RAM
45%
UK Vauxhall
44%
USA Pontiac
41%
USA Buick
40%
Italy Lancia
39%
Unknown AMG Transport Dynamics
38%
Denmark Zenvo
36%
Japan Infiniti
35%
USA Lincoln
35%
UK MG
35%
Croatia Rimac
34%
USA AMC
31%
USA Hoonigan
31%
USA Shelby
31%
Spain Cupra
30%
USA Hennessey
30%
USA Hummer
29%
USA Plymouth
29%
UK Ariel
28%
Austria KTM
28%
Germany Apollo
26%
USA Oldsmobile
26%
USA Hot Wheels
25%
USA Mercury
25%
UK Caterham
24%
Japan Datsun
24%
USA Formula Drift
24%
Australia HSV
24%
UK Peel
24%
UK Ascari
23%
UK TVR
23%
Netherlands Donkervoort
21%
UK Noble
21%
USA Saleen
21%
UK BAC
20%
USA DeLorean
20%
United Arab Emirates W Motors
20%
Germany Auto Union
19%
UK Morgan
19%
UK Brabham
18%
China NIO
18%
Italy Italdesign
17%
UK Morris
17%
USA Willys
17%
China Wuling
17%
China Xpeng
17%
UK Austin-Healey
16%
USA Eagle
16%
Sweden / China Lynk & Co
16%
Canada Can-Am
15%
USA Lucid
15%
USA Rivian
15%
UK Ultima
15%
Mexico VUHL
15%
USA DeBerti
14%
USA Fast and Furious
14%
USA Polaris
14%
UK Reliant
14%
Italy Automobili Pininfarina
13%
USA Mosler
13%
Japan Autozam
12%
USA Forsberg Racing
12%
USA International
12%
USA Meyers
12%
USA Alumi Craft
11%
Italy ATS
11%
France Extreme E
11%
UK Gordon Murray Automotive
11%
UK Lola
11%
UK Radical
11%
USA RAESR
11%
Spain Spania
11%
USA Exomotive
10%
Canada Funco Motorsports
10%
UK Ginetta
10%
Australia HDT
10%
USA Local Motors
10%
USA Penhall
10%
USA Universal Studios
10%
France DS Automobiles
9%
USA RJ Anderson
9%
USA Sierra Cars
9%
USA Czinger
8%
UK Elemental
8%
USA Jimco
7%
UK Napier
7%
USA Rossion
7%
Australia Schuppan
6%
USA Casey Currie Motorsports
5%
No matching quizzes found
Score Distribution
Percent of People with Each Score
Percentile by Number Answered
Your Score History
You have not taken this quiz since the last reset